Teoretické a metodologické otázky koncepce důchodového zabezpečení

Na minha lista:
Detalhes bibliográficos
Autor principal: Tomeš, Igor
Formato: Livro
Idioma:tcheco
Publicado em: Bratislava Výzkumný ústav soc. rozv. a práce 1989
Edição:1. vyd.
Colecção:Výzkumné práce Č.113
Tags: Adicionar Tag
Sem tags, seja o primeiro a adicionar uma tag!

MARC

LEADER 00000nam a2200000 4500
001 c034639
005 20221215071640.1
041 0 |a cze 
044 |a SK 
245 1 0 |a Teoretické a metodologické otázky koncepce důchodového zabezpečení  |c Igor Tomeš 
250 |a 1. vyd. 
264 1 |a Bratislava  |b Výzkumný ústav soc. rozv. a práce  |c 1989 
300 |a 85 s. 
490 1 |a Výzkumné práce  |v Č.113 
830 0 |a Výzkumné práce  |v Č.113 
100 1 |a Tomeš, Igor